| 000 | 00902nam a22002297a 4500 | ||
|---|---|---|---|
| 003 | UA-OsUOA | ||
| 001 | 50286 | ||
| 007 | ta | ||
| 008 | 20140602b un ||||| |||| 00| 0 ukr d | ||
| 090 |
_a09.-94(477).04 _bН28 |
||
| 942 | _cBK | ||
| 040 |
_aUA-OsUOA _bukr _cUA-OsUOA _dUA-OsUOA |
||
| 245 |
_aНариси з історії України _bВип. IV _cВизвольна війна українського народу проти гніту шляхетської Польщі і приєднання України до Росії (1648-1654) |
||
| 300 | _a267 с. | ||
| 955 | _a1 | ||
| 041 | _aukr | ||
| 080 | _a09.-94(477).04 | ||
| 260 |
_aК. _bВидавництво Академії наук УРСР _c1940 |
||
| 650 | 7 |
_a0 Загальний відділ. _2UDC |
|
| 999 |
_c430411 _d430411 |
||